Dobrodružstvá Toma Sawyera
V mestečku St. Petersburgu, kde sa odohráva dej románu, plynul život nudne a jednotvárne. Zato Tom Sawyer, hrdina príbehov, bystrý chlapec, si veru nesťažoval na nudu a prebytok času. Najradšej sa priatelil s Huckom Finnom, lebo všetky mamky zakazovali svojim synom, aby sa s ním hrali, a všetci chla...
| Main Author: | |
|---|---|
| Other Authors: | |
| Format: | CD Audio |
| Language: | Slovak English |
| PhysicalDescription: | 1 elektronický optický disk (CD-ROM) digitál., MP3 12 cm |
| Published: |
Levoča
Slovenská knižnica pre nevidiacich Mateja Hrebendu
2015
|
| ISBN: | 9788018036983 (CDROM) |
| Subjects: |
MARC
| LEADER | 00000cim a2200000 a 4500 | ||
|---|---|---|---|
| 001 | vtls010651455 | ||
| 003 | SK-MaSNL | ||
| 005 | 20260302013539.0 | ||
| 007 | sd fungnnmmned | ||
| 008 | 160430s2015 xo nnnnfs f n slo | ||
| 015 | |a SNBJ2016 | ||
| 020 | |a 9788018036983 (CDROM) | ||
| 040 | |a SNK |b slo |c SNK |e AACR2 | ||
| 041 | 1 | |d slo |h eng | |
| 044 | |a xo |c SK | ||
| 072 | 7 | |a 821.111(73)-3 |x Americká próza |2 konspekt | |
| 080 | |a 821.111(73)-31 |2 2011 | ||
| 080 | |a (0:82-311.3) |2 2011 | ||
| 080 | |a (086.76) |2 2011 | ||
| 080 | |a (086.7.053.2) |2 2001 | ||
| 100 | 1 | |a Twain, Mark, |d 1835-1910 |4 aut |9 122846 | |
| 245 | 1 | 0 | |a Dobrodružstvá Toma Sawyera |h elektronický zdroj |c Mark Twain ; číta: Igor Makovický |
| 260 | |a Levoča |b Slovenská knižnica pre nevidiacich Mateja Hrebendu |c 2015 | ||
| 300 | |a 1 elektronický optický disk (CD-ROM) |b digitál., MP3 |c 12 cm | ||
| 306 | |a 090000 | ||
| 520 | 8 | |a V mestečku St. Petersburgu, kde sa odohráva dej románu, plynul život nudne a jednotvárne. Zato Tom Sawyer, hrdina príbehov, bystrý chlapec, si veru nesťažoval na nudu a prebytok času. Najradšej sa priatelil s Huckom Finnom, lebo všetky mamky zakazovali svojim synom, aby sa s ním hrali, a všetci chlapci závideli Huckovi voľnosť a slobodu | |
| 521 | |a Pre nevidiacich, slabozrakých a inak zdravotne postihnutých | ||
| 655 | 7 | |a zvukové záznamy pre deti a mládež |2 SNKPH |9 70694 | |
| 655 | 7 | |a dobrodružné romány |2 SNKPH |9 70486 | |
| 655 | 7 | |a americké romány |2 SNKPH |9 1174 | |
| 655 | 7 | |a CD-ROM |2 SNKPH |9 70236 | |
| 700 | 1 | |a Makovický, Igor, |d 1947-2014 |4 nrt |9 170500 | |
| 919 | |a 978-80-18-03698-3 | ||
| 958 | |a SX | ||
| 958 | |a UP | ||
| 958 | |a LX | ||
| 958 | |a DB | ||
| 999 | |c 1013439 |d 1015369 | ||
| 952 | |a SNK |b SNK |y PREZ |7 0 |p 17A1156176 |o snkSCD 3466 |i snk2015/12772 |8 0 |0 0 |1 0 |4 0 |d 2015-04-16 |l 0 |r 2026-02-24 13:00:04 |w 2026-02-24 | ||


